01942nmm a22003257a 4500003000500000005001700005007001500022008004100037010001000078011001000088035001000098040000900108041000800117110007000125245011300195250002200308264009400330300005300424336005700477337002700534338004000561516003500601520050400636538031701140650003501457650004401492650002001536650001101556650004901567CHAP20240607115649.0co |g |||aaaaa000424s1996 mx | | 00010 spa d a80909 a81881 a92363 cCHAP aspa2 aUniversidad de Colima. Centro Nacional Editor de Discos Compactos10aBase de datos agrícolas de América Latina y el Caribe II h[disco compacto]c/ por Universidad de Colima aSegunda edición 1aColima, Col. :bUniversidad de Colima. Centro Nacional Editor de Discos Compactos,c1996. a1 disco compacto (CD) :c4 3/4 pulgadas (12 cm.) 2rdacontentaconjunto de datos de la computadorabcod 2rdamediaaordenadorbc 2rdacamieradisco de computadorabcd aTexto (datos bibliográficos) aLa presente segunda edición del Disco Compacto de Bases de Datos Agrícolas de América Latina y el Caribe, da continuidad al esfuerzo realizado en 1993 por la Universidad de Colima de México y el Instituto Interamericano de Cooperación a la Agricultura (IICA). Esta actividad estuvo dirigida a la producción de una fuente de consulta para la identificación y acceso a importantes colecciones existente en bibliotecas y centros de documentación del sector agropecuario de la región. aComputadora IBM PC o compatible, sistema operativo 5.0 o posteriores, archivo config. SYS, Device= C:\DOS\HIMEM.SYS, Device= C:\DOS\EMM386.EXE ram, Buffers= 30, Files= 30; 2 MB de memoria con 500 kb libres de memoria convencional; 2 MB en disco duro, monitor VGA o SVGA, equipo lector de CD-ROM, mouse (opcional)14aAgriculturazAmérica Latina.14aAmerica LatinaxCondiciones economicas.14aBases de datos.14aMujer.14aMujerxSituación socialxAmérica Latina.